Best British and Irish Actors - Statistics

General Stats
  • This quiz has been taken 705 times
  • The average score is 55 of 150
Answer Stats
Actor's Initials One of their Films Answer % Correct
JA (female) The Sound of Music Julie Andrews
82%
CB (male) Dark Knight Christian Bale
80%
RA (male) Johnny English Rowan Atkinson
80%
HG (male) Love Actually Hugh Grant
74%
OB (male) Pirates of the Caribbean Orlando Bloom
74%
CF (male) The King's Speech Colin Firth
71%
AH (male) Silence of the Lambs Anthony Hopkins
70%
DC (male) Casino Royale Daniel Craig
70%
JD (female) Skyfall Judi Dench
69%
LN (male) Schindler's List Liam Neeson
69%
BK (male) Gandhi Ben Kingsley
68%
KW (female) Titanic Kate Winslet
68%
DDL (male) There Will be Blood Daniel Day Lewis
67%
HBC (femald) Charlie and the Chocolate Factory Helena Bonham Carter
67%
ONJ (female) Grease Olivia Newton-John
65%
BC (male) The Imitation Game Benedict Cumberbatch
62%
HM (female) The Queen Helen Mirren
62%
RM (male) Live and Let Die Roger Moore
62%
CZJ (female) Chicago Catherine Zeta Jones
61%
MC (male) Zulu Michael Caine
60%
SC (male) The Untouchables Sean Connery
60%
AR (male) Die Hard Alan Rickman
59%
POT (male) Lawrence of Arabia Peter O'Toole
59%
ER (male) The Theory of Everything Eddie Redmayne
58%
ET (female) Cleopatra Elizabeth Taylor
58%
CC (male) The Great Dictator Charlie Chaplin
57%
EM (male) Moulin Rouge Ewan McGregor
57%
GO (male) Tinker Tailor Soldier Spy Gary Oldman
57%
JL (male) The Talented Mr. Ripley Jude Law
57%
LO (male) Hamlet Laurence Olivier
57%
CG (male) North by Northwest Cary Grant
56%
RF (male) The Great Budapest Hotel Ralph Fiennes
56%
TD (male) Licence to Kill Timothy Dalton
56%
DR (male) The Woman in Black Daniel Radcliffe
55%
EB (female) The Devil Wears Prada Emily Blunt
55%
RA (male) Jurassic Park Richard Attenborough
55%
ET (female) Sense and Sensibility Emma Thompson
54%
EW (female) Little Women Emma Watson
54%
OC (female) The Crown Olivia Colman
54%
PB (male) Goldeneye Pierce Brosnan
54%
MS (female) Gosford Park Maggie Smith
51%
MF (male) The Hobbit Martin Freeman
51%
PS (male) The Pink Panther Peter Sellers
51%
AG (male) Star Wars Alec Guinness
50%
MS (male) Dr. Who Matt Smith
50%
JC (male) A Fish Called Wanda John Cleese
49%
JH (male) Elephant Man John Hurt
48%
SP (male) Shaun of the Dead Simon Pegg
48%
KB (male) Henry V Kenneth Branagh
47%
RB (male) Where Eagles Dare Richard Burton
47%
DT (male) Doctor Who David Tennant
45%
AP (male) Psycho Anthony Perkins
44%
KK (female) Atonement Kiera Knightley
43%
RH (male) My Fair Lady Rex Harrison
43%
SB (male) Lord of the Rings Sean Bean
43%
KB (female) Pearl Harbor Kate Beckinsale
41%
TH (male) Inception Tom Hardy
41%
BH (male) Who Framed Roger Rabbit Bob Hoskins
40%
GJ (female) Women in Love Glenda Jackson
40%
HC (male) Man of Steel Henry Cavill
40%
JW (female) Mamma Mia Julie Walters
40%
RH (male) Unforgiven Richard Harris
40%
TJ (male) Tinker Tailor Soldier Spy Toby Jones
39%
CL (male) The Wicker Man Christopher Lee
38%
HB (male) Downton Abbey Hugh Bonneville
37%
JI (male) Lolita Jeremy Irons
37%
TC (male) The Rocky Horror Picture Show Tim Curry
37%
KST (female) The English Patient Kirstin Scott Thomas
35%
DN (male) The Guns of Navarone David Niven
34%
HB (female) Goldfinger Honor Blackman
34%
PS (male) Logan Patrick Stewart
34%
PU (male) Death on the Nile Peter Ustinov
34%
GB (male) Olympus has Fallen Gerard Butler
33%
MM (male) Clockwork Orange Malcolm McDowell
33%
TH (male) The Impossible Tom Holland
33%
WD (male) Willow Warwick Davis
32%
EF (male) The Day of the Jackal Edward Fox
31%
PF (male) Network Peter Finch
31%
RC (male) Harry Potter series Robbie Coltrane
31%
DL (male) Spy Wars Damien Lewis
30%
DR (female) On Her Majesty's Secret Service Diana Rigg
30%
RC (male) Trainspotting Robert Carlyle
30%
AF (male) Erin Brockovich Albert Finney
29%
JS (male) Fast & Furious Jason Statham
29%
BC (male) Mrs Brown Billy Connolly
28%
CI (female) The Best Exotic Marigold Hotel Celia Imrie
28%
IM (male) Lord of the Rings Ian McKellen
28%
MG (male) Gosford Park Michael Gambon
28%
PC (male) Dracula Peter Cushing
28%
RH (male) Winston Churchill: The Wilderness Years Robert Hardy
28%
TS (female) We Need to Talk about Kevin Tilda Swinton
28%
TR (male) Reservoir Dogs Tim Roth
28%
CF (male) The Gentlemen Colin Farrell
27%
HM (female) The Parent Trap Hayley Mills
27%
RP (male) Jesus of Nazareth Robert Powell
27%
VR (female) Atonement Vanessa Redgrave
27%
BR (male) The Hound of the Baskervilles Basil Rathbone
26%
BN (male) The Boat That Rocked Bill Nighy
26%
OR (male) The Devils Oliver Reed
26%
TC (male) Shirley Valentine Tom Conti
26%
CL (male) The Hunchback of Notre Dame Charles Laughton
25%
CE (male) 12 Years a Slave Chiwetel Ejiofor
25%
PB (male) Priest Paul Bettany
24%
AL (male) The Walking Dead Andrew Lincoln
23%
IE (male) Beasts of No Nation Idris Elba
23%
JG (male) Richard III John Gielgud
23%
RE (male) My Best Friend's Wedding Rupert Everett
23%
HL (male) Flight of the Phoenix Hugh Laurie
22%
JF (male) The Remains of the Day James Fox
22%
MY (male) Cabaret Michael York
22%
TH (male) Brief Encounter Trevor Howard
22%
AQ (male) Ice Cold in Alex Anthony Quayle
21%
CO (male) Gemini Man Clive Owen
21%
MS (male) Underworld Michael Sheen
21%
CD (male) Gosford Park Charles Dance
20%
EF (female) The Soul Keeper Emilia Fox
20%
JM (male) Journey to the Centre of the Earth James Mason
20%
SC (male) Four Weddings and a Funeral Simon Callow
20%
TH (male) The Avengers Tom Hiddleston
19%
BB (female) Saving Grace Brenda Blethyn
18%
DB (male) A Bridge Too Far Dirk Bogarde
18%
JM (male) Filth James McAvoy
18%
TS (male) Superman II Terence Stamp
18%
TE (male) Heat of the Sun Trevor Eve
18%
DJ (male) Gladiator Derek Jacobi
17%
JB (male) Hot Fuzz Jim Broadbent
17%
DT (male) Mary Poppins David Tomlinson
16%
PP (male) The Usual Suspects Pete Postlethwaite
16%
RT (male) The Dam Busters Richard Todd
16%
TJ (male) Divergent Theo James
16%
HW (male) Lord of the Rings Hugo Weaving
15%
MR (female) Murder, She Said Margaret Rutherford
15%
BK (male) The Mummy Boris Karloff
14%
DP (male) Halloween Donald Pleasance
14%
IM (male) Pirates of the Caribbean Ian McShane
14%
JI (male) The Death of Stalin Jason Isaacs
14%
KM (male) The 39 Steps Kenneth More
14%
AN (male) Doctor Doolittle Anthony Newley
13%
CR (female) 45 Years Charlotte Rampling
13%
DS (male) Murder on the Orient Express David Suchet
13%
DT (male) The Boy in the Striped Pyjamas David Thewlis
13%
TW (male) Michael Clayton Tom Wilkinson
13%
CE (male) 28 Days Later Christopher Eccleston
12%
DS (male) The Cruel Sea Donald Sinden
11%
AS (female) Life is Sweet Alison Steadman
10%
AF (female) Land of the Lost Anna Friel
10%
TS (male) Sweeney Todd Timothy Spall
10%
MM (male) Frost/Nixon Matthew Macfadyen
9%
SH (female) Monte Carlo or Bust Susan Hampshire
9%
FF (male) The Pianist Frank Finlay
8%
No matching quizzes found
Score Distribution
Percent of People with Each Score
Percentile by Number Answered
Your Score History
You have not taken this quiz